00884nam a2200205 a 450000100100000000500170001000800410002704000250006808200220009310000290011524500970014425000110024126000390025230000360029159000750032770000290040270000380043195201920046999900170066100003613420200930074916.0111216s1966 mx ac 000 0 spa d aDO-SdBNPbspacBNPHU axxxxbV729b, 19661 aVillee, Claude A.96216910aBiología. /cClaude A. Villee ; traducción al español Jaime Roig, Roberto Folch Fabre. a4a ed. aMéxico :bInteramericana,c1966. a678 p. :bils., retr. ;c26 cm. aPerteneció a la biblioteca personal de Juan Isidro Jimenes Grullón1 aRoig, Jaime,etr.9621701 aFolch Fabre, Roberto,etr.962171 001050718MOaGRbGRcCTd2011-12-16iLF1l0oxxxx V729b, 1966p36134-10r2020-06-25w2020-06-25y1zPerteneció a la biblioteca personal de Juan Isidro Jimenes GrullónZNo se presta c35625d35625